Statistiques concernant Archipels de la Polynésie Française

Cliquez ici pour prendre le quiz!

Statistiques générales

  • Ce quiz a été pris 59 fois
  • Le résultat moyen est 4 sur 5

Statistiques - réponses

Réponse% Correct
2Les Marquises
94%
1Les Tuamotu
76%
4Les Australes
75%
5Les Gambier
75%
3Les Iles de la Société
37%

Distribution des résultats

Percentile par nombre de réponses

% des personnes avec chaque résultat

Votre développement - résultats

Vous n’avez pas pris ce quiz